| 000 | 00348pab a2200145 454500 | ||
|---|---|---|---|
| 008 | 180718b2003 xxu||||| |||| 00| 0 eng d | ||
| 100 | _aKerr, Steve | ||
| 245 | _aThe best-laid: incentive plans | ||
| 260 | _c2003 | ||
| 300 | _ap.27-37. | ||
| 362 | _aJan | ||
| 650 | _aPerformance appraisal | ||
| 773 | _aHarvard Business Review | ||
| 909 | _a55404 | ||
| 999 |
_c55404 _d55404 |
||